00374nam a2200133Ia 4500003000400000005001700004008004100021040001000062041000800072100005000080110002400130245006600154260002000220OSt20230527111004.0211028s2016 xx 000 0 und d cAIMIT aeng aHyder, G Sawad; Vijaykumar, Suchatha.e141923 aSuchetha Vijaykumar aMetadata management tool for an asian digital media platform. aMangalorec2016